000 01418nab a22002297i 4500
001 768714001
003 CO-MdFUSB
005 20240612170347.0
008 240612t1963 sp ||||| |||| 00| 0 spa d
040 _bspa
_cCO-MdFUSB
_dCO-MdFUSB
041 _aspa
100 _aSánchez y Sánchez, Aquilino,
_eautor
245 1 3 _aLa potestad de la iglesia :
_banálisis de su aspecto jurídico
_c/ Aquilino Sánchez y Sánchez
520 _aAsí que este no es un estudio jurídico del poder de la iglesia o de su proyección legal en su conjunto. Se tratan poco temas distintos de la jurisdicción, siendo uno general e introductorio -el que aparece primero- y el que trata de las competencias del Magisterio. Así, se mantiene intacto un conjunto densamente poblado de puntos reflectantes con un relieve muy significativo. Algunos de ellos han sido cubiertos por algunos escritores extranjeros, y algunos de nosotros hemos comenzado a mostrar interés, aunque el interés es todavía muy minoritario y se expresa muy tímidamente.
650 7 _aIglesia
_9655
650 7 _aSociología cristiana
_9405
650 7 _aTeología dogmática
_96937
653 _aPotestad de la iglesia
773 0 _070126
_982758
_dSalamanca, España :
_oR2633
_tSalmanticensis
_w(CO-MdFUSB)768714001
_gVolumen 10, (fascículo 3, 1963) páginas: 609 - 634
_qpágina: 609
942 _cANA
945 _aCatherine Arias Álvarez - Practicante SENA
999 _c70180
_d70180